00333pab a2200121 454500008004000000100003000040245006000070260000900130300001100139362000900150650003300159773001900192180718b1987 xxu||||| |||| 00| 0 eng d aBraden, John B and others aA displacement model of regulatory compliance and costs c1987 a323-36 aNov. aEnvironmental Policy - Costs aLand Economics